000
00311nam a2200157Ia 4500
100
_a
Godbole/Nina
650
_a
Security
942
_c
BK
366
_f
20
245
_a
Cyber Security
260
_b
Wiley India
_c
2011
082
_a
5.8
_b
GOD
300
_a
570
546
_a
ENGLISH
_c
Computers
999
_c
26110
_d
26110